Palabras y contrastes (antología de la nueva poesía ecuatoriana)

שמור ב:
מידע ביבליוגרפי
מחבר ראשי: Romero Vicuña, Julio
פורמט: ספר
שפה:Undetermined
יצא לאור: Ecuador asa de la Cultura Ecuatoriana 1984
נושאים:
תגים: הוספת תג
אין תגיות, היה/י הראשונ/ה לתייג את הרשומה!

MARC

LEADER 00000nam a2200000Ia 4500
008 170316s9999 xx 000 0 und d
040 |a cru BVZT 
090 |a 860 R-26p 
100 |a Romero Vicuña, Julio 
245 |a Palabras y contrastes (antología de la nueva poesía ecuatoriana) 
260 |a Ecuador 
260 |b asa de la Cultura Ecuatoriana 
260 |c 1984 
300 |a 250 páginas 
650 |a LITERATURA LATINOAMERICANA 
999 |c 9153  |d 9153 
942 |c 15 D  |h 860 R-26p  |2 z